|
|
|
|
| LEADER |
00000nam a2200000 a 4500 |
| 001 |
vtls010126167 |
| 003 |
SK-MaSNL |
| 005 |
20260301031021.0 |
| 008 |
240315s2010 xo g 000 0 slo |
| 015 |
|
|
|a SNBA2010/10-05677
|
| 020 |
|
|
|a 9788097047313
|q (brož.)
|
| 035 |
|
|
|a 01DF4DA9-6819-4D7C-882F-854452049057
|
| 035 |
|
|
|a urn:nbn:sk:snk-amk4ea
|
| 035 |
|
|
|a urn:nbn:sk:snk-am0057k6
|
| 040 |
|
|
|a SNK
|b slo
|c SNK
|e AACR2
|
| 041 |
0 |
|
|a slo
|
| 044 |
|
|
|a xo
|c SK
|
| 072 |
|
7 |
|a 122/129
|x Špeciálna metafyzika
|2 konspekt
|
| 080 |
|
|
|a 129
|2 2001
|
| 080 |
|
|
|a 316.472.42
|2 2001
|
| 080 |
|
|
|a (0:82-4)
|2 2001
|
| 100 |
1 |
|
|a Potocký, Peter
|4 aut
|9 325819
|
| 245 |
1 |
0 |
|a Spriaznené duše a ich strastiplné cesty
|c Peter Potocký
|
| 250 |
|
|
|a 1. vyd.
|
| 260 |
|
|
|a Bratislava
|b Vydavateľstvo Andrea
|c 2010
|
| 300 |
|
|
|a 159 s.
|c 21 cm
|
| 650 |
0 |
7 |
|a karma
|2 SNKPH
|9 2748
|
| 650 |
0 |
7 |
|a partnerské vzťahy
|2 SNKPH
|9 2250
|
| 650 |
0 |
7 |
|a reinkarnácia
|2 SNKPH
|9 1683
|
| 655 |
|
7 |
|a eseje
|2 SNKPH
|9 57030
|
| 919 |
|
|
|a 978-80-970473-1-3
|
| 958 |
|
|
|a OND
|
| 968 |
|
|
|d 1
|
| 999 |
|
|
|c 575710
|d 577640
|
| 952 |
|
|
|a SNK
|b SNK
|y PREZ
|7 0
|p 17A0669473
|o snkSC 141766
|i snk2010/18305
|8 0
|0 0
|1 0
|4 0
|d 2010-08-25
|f 1
|l 0
|r 2025-07-09 00:00:00
|w 2026-02-23
|
| 952 |
|
|
|a SNK
|b SNK
|y VYP
|7 0
|p 17A0669457
|o snkSC 141766 D1
|i snk2010/18306
|8 0
|0 0
|1 0
|4 0
|d 2010-08-25
|l 0
|r 2026-02-23 14:31:29
|w 2026-02-23
|